• 首页
  • 本馆介绍
  • 公告通知
  • 最新文献
  • 馆藏检索
  • 电子资源
  • 读者导购
  • 参考咨询
  • 我的图书馆
  • 登录
  • 详细信息显示
  • 放入我的书架
  • 预约/预借图书
  • 作者相关作品
  • 分类相关作品
  • 丛书相关作品
  • 出版社相关作品

书目信息

  • 表格格式
  • 工作单格式
  • 卡片格式
题名:
图书馆建筑
    
 
作者: 鲍家声 主编 ;姚宇澄 , 仉波 , 赵富赤 著
分册:  
出版信息: 北京   书目文献出版社  1986
页数: 503页
开本: 26cm
丛书名:
单 册:
中图分类: TU242.3
科图分类:
主题词: 图书馆建筑 , 民用建筑--建筑设计
电子资源:
ISBN:
000 00749nam0 2200277 45
001 0186018782
005 20061127091933.89
010    @dCNY7.50
091    @aCN@b15201.5
100    @a19900726d1986 km y0chiy0121 ea
101 0  @achi
102    @aCN@b110000
105    @ay z 000yy
200 10 @a图书馆建筑@Atu shu guan jian zhu@f鲍家声主编@g姚宇澄等著
210    @a北京@c书目文献出版社@d1986
215    @a503页@d26cm
606    @a图书馆建筑
606 0  @a民用建筑@x建筑设计
690    @aTU242.3@v3
701  0 @a鲍家声@Abao jia sheng@4主编
702  0 @a姚宇澄@Ayao yu cheng@4著
702  0 @a仉波@Azhang bo@4著
702  0 @a赵富赤@Azhao fu chi@4著
801  2 @aCN@bNLC@c20061127
801  0 @aCN@bTSSF
905    @a10447@dTU242.3@e121
    
    图书馆建筑/鲍家声主编/姚宇澄等著.-北京:书目文献出版社,1986
    503页;26cm
    
    
    ISBN :CNY7.50
    
●
相关链接 在E读中查询图书 在五车中查询图书 在当当中查询图书 在豆瓣中查询图书


正题名:图书馆建筑     索取号:TU242.3/121         预约/预借

序号 登录号 条形码 馆藏地/架位号 状态 备注
1 0157048   001484478   第二样本阅览室/ [索取号:TU242.3/121] 在馆    
唐山师范学院图书馆 欢迎您!
大连网信软件有限公司© 版权所有